Loading...
| Mythology | 0 | 10 | 0 | 0 | 100 | 20 | 47.60 | 8 | 9 |
| Literature - American Literature | 0 | 9 | 1 | 0 | 85 | 40 | 64.00 | 5 | 8 |
| Literature - European Literature | 0 | 8 | 1 | 1 | 75 | 27 | 65.63 | 3 | 7 |
| Social Science | 0 | 7 | 0 | 0 | 70 | 26 | 53.29 | 4 | 7 |
| Literature - World Literature | 0 | 7 | 2 | 0 | 60 | 16 | 50.86 | 3 | 6 |
| History - European History | 0 | 6 | 0 | 1 | 60 | 24 | 61.50 | 0 | 4 |
| History - Other History | 0 | 6 | 0 | 0 | 60 | 40 | 65.33 | 2 | 3 |
| Religion | 0 | 7 | 2 | 0 | 60 | 34 | 57.00 | 4 | 7 |
| Philosophy | 0 | 6 | 2 | 0 | 50 | 20 | 39.83 | 5 | 6 |
| Science - Biology | 0 | 5 | 0 | 0 | 50 | 41 | 56.60 | 2 | 3 |
| Painting/Sculpture | 0 | 5 | 1 | 0 | 45 | 43 | 70.00 | 1 | 3 |
| Fine Arts - Other Fine Arts | 0 | 5 | 1 | 0 | 45 | 17 | 50.00 | 1 | 5 |
| Science - Other Science | 0 | 4 | 1 | 0 | 35 | 48 | 64.00 | 2 | 3 |
| Science - Physics | 0 | 2 | 0 | 1 | 20 | 65 | 84.50 | 0 | 1 |
| History - World History | 0 | 2 | 0 | 0 | 20 | 44 | 63.50 | 1 | 1 |
| Literature - British Literature | 0 | 3 | 2 | 0 | 20 | 60 | 70.00 | 1 | 3 |
| History - American History | 0 | 2 | 1 | 0 | 15 | 44 | 53.00 | 0 | 1 |
| Geography | 0 | 2 | 1 | 0 | 15 | 51 | 52.50 | 1 | 2 |
| Fine Arts - Classical Music | 0 | 2 | 1 | 0 | 15 | 52 | 56.50 | 1 | 2 |
| Pop Culture | 0 | 1 | 0 | 0 | 10 | 47 | 47.00 | 0 | 0 |
| Current Events | 0 | 1 | 0 | 0 | 10 | 84 | 84.00 | 0 | 0 |
| Science - Chemistry | 0 | 1 | 1 | 0 | 5 | 74 | 74.00 | 0 | 1 |